| 000 | 00712nam a2200241Ia 4500 | ||
|---|---|---|---|
| 003 | OSt | ||
| 005 | 20220926012111.0 | ||
| 006 | a|||||r|||| 00| 0 | ||
| 007 | ta | ||
| 008 | 220923b |||||||| |||| 00| 0 eng d | ||
| 037 | _cGeneral Book | ||
| 040 |
_aRTL _cRTL _beng |
||
| 041 |
_2eng _aeng |
||
| 082 | _aW64, L0 | ||
| 100 |
_aHuntington Samuel P _913873 |
||
| 245 | 0 |
_aAuthoritarian politics in modern society _b The dyna |
|
| 260 |
_aNew York _bBasic Book _c1970 |
||
| 300 |
_avi, 533p _ccm. |
||
| 650 |
_aAutho Ritarianism _9231046 |
||
| 700 |
_a Moore Clement H Ed. _9120750 |
||
| 942 |
_hW64, L0 _cGB _2CC |
||
| 999 |
_c621688 _d621688 |
||